भारतीय लोकनाट्य (Record no. 8024)

MARC details
000 -LEADER
fixed length control field 00654 a2200193 4500
001 - CONTROL NUMBER
control field 134411
003 - CONTROL NUMBER IDENTIFIER
control field OSt
005 - DATE AND TIME OF LATEST TRANSACTION
control field 20210922120039.0
008 - FIXED-LENGTH DATA ELEMENTS--GENERAL INFORMATION
fixed length control field
020 ## - INTERNATIONAL STANDARD BOOK NUMBER
International Standard Book Number 8170557089
082 ## - DEWEY DECIMAL CLASSIFICATION NUMBER
Classification number 792.0954
Item number T73B
100 1# - MAIN ENTRY--PERSONAL NAME
Personal name त्रिपाठी, वशिष्ठनारायण
245 1# - TITLE STATEMENT
Title भारतीय लोकनाट्य
Statement of responsibility, etc by वशिष्ठनारायण त्रिपाठी
260 ## - PUBLICATION, DISTRIBUTION, ETC. (IMPRINT)
Place of publication, distribution, etc नई दिल्ली
Name of publisher, distributor, etc वाणी प्रकाशन
Date of publication, distribution, etc 2011
300 ## - PHYSICAL DESCRIPTION
Extent 141p.
630 ## - SUBJECT ADDED ENTRY--UNIFORM TITLE
Uniform title हिन्दी साहित्य
690 ## - LOCAL SUBJECT ADDED ENTRY--TOPICAL TERM (OCLC, RLIN)
Topical term or geographic name as entry element Loknatya -- India
942 ## - ADDED ENTRY ELEMENTS (KOHA)
Source of classification or shelving scheme Dewey Decimal Classification
Koha item type Books
Holdings
Withdrawn status Lost status Source of classification or shelving scheme Damaged status Not for loan Collection code Home library Current library Date acquired Source of acquisition Cost, normal purchase price Full call number Barcode Date last seen Price effective from Koha item type
    Dewey Decimal Classification     General Text Book Central University Of Rajasthan Central University Of Rajasthan 09/10/2012 HND 200.00 792.0954 T73B 8141 21/11/2024 02/09/2020 Books